000 01284nab a22002657a 4500
999 _c6484
_d6484
003 OSt
005 20260212214231.0
008 190506c xxu||||| |||| 00| 0 spa d
040 _cPJ
100 _97040
_aBergonzelli, Agustina
245 1 0 _aDiscriminación en el empleo y ocupación :
_botra vez la cuestión de género /
_cAgustina Bergonzelli.
260 _aBuenos Aires :
_bAbeledoPerrot,
_c2023.
300 _ap. 3-10
500 _aCita: TR LALEY AR/DOC/1086/2023.
505 _aSumario: I. Introducción. Tipos de discriminación.— II. Legislación internacional y nacional en la materia.— III. Acoso sexual en el lugar de trabajo. Cargas probatorias dinámica.— IV. Discriminación en la remuneración.— V. El fenómeno del "techo de cristal".— VI. Conclusión.
505 _t¿Te interesa el texto completo? Comunicate al correo: koha@justierradelfuego.gov.ar
650 0 _91316
_aDERECHO LABORAL
650 0 _91577
_aDISCRIMINACION LABORAL
650 0 _91323
_aCONTRATO DE TRABAJO
650 0 _93053
_aVIOLENCIA DE GÉNERO
650 0 _91803
_aRELACIONES LABORALES
650 0 _91575
_aIGUALDAD DE TRATO
773 0 _02751
_93202
_dBuenos Aires : AbeledoPerrot, 2013-
_tRevista de derecho laboral y seguridad social. Nº 12 - Junio 2023
942 _2udc
_cANA